000 00322nam a2200145Ia 4500
100 _aBelt/ F.H.
650 _aElectrical Engineering
942 _cBK
654 _atelevision
245 _aEasy guide to colour TV
260 _bHusard W. Sams
_aNew York
_c1974
082 _a621.38
300 _a144
546 _aENGLISH
999 _c18111
_d18111